LEADER 01771nas 2200529- 450 001 996321072303316 005 20230124192801.0 011 $a2029-9966 035 $a(OCoLC)895007140 035 $a(CKB)3710000000257128 035 $a(CONSER)--2015261006 035 $a(DE-599)ZDB2818530-4 035 $a(EXLCZ)993710000000257128 100 $a20141111a20139999 --- - 101 0 $aeng 135 $aur||||||||||| 181 $ctxt$2rdacontent 182 $cc$2rdamedia 183 $acr$2rdacarrier 200 00$aComputational science and techniques 210 1$aKlaipeda, Lithuania :$cKlaipeda University,$d2013- 215 $a1 online resource 300 $aSome issues also have distinctive titles. 300 $aRefereed/Peer-reviewed 531 0 $aComput. sci. tech. 606 $aComputer science$vPeriodicals 606 $aComputational complexity$vPeriodicals 606 $aMathematical models$vPeriodicals 606 $aLife sciences$xData processing$vPeriodicals 606 $aComputational complexity$2fast$3(OCoLC)fst00871991 606 $aComputer science$2fast$3(OCoLC)fst00872451 606 $aLife sciences$xData processing$2fast$3(OCoLC)fst00998329 606 $aMathematical models$2fast$3(OCoLC)fst01012085 608 $aPeriodicals.$2fast 610 $aComputer Science 615 0$aComputer science 615 0$aComputational complexity 615 0$aMathematical models 615 0$aLife sciences$xData processing 615 7$aComputational complexity. 615 7$aComputer science. 615 7$aLife sciences$xData processing. 615 7$aMathematical models. 906 $aJOURNAL 912 $a996321072303316 996 $aComputational science and techniques$92124719 997 $aUNISA LEADER 01876nam 2200589 450 001 9910816353303321 005 20230617022315.0 010 $a0-252-07238-3 010 $a1-4619-5840-7 010 $a0-252-09639-8 035 $a(CKB)2670000000544947 035 $a(EBL)3414338 035 $a(SSID)ssj0001133561 035 $a(PQKBManifestationID)11676215 035 $a(PQKBTitleCode)TC0001133561 035 $a(PQKBWorkID)11158104 035 $a(PQKB)10842601 035 $a(MiAaPQ)EBC3414338 035 $a(OCoLC)871258151 035 $a(MdBmJHUP)muse35041 035 $a(Au-PeEL)EBL3414338 035 $a(CaPaEBR)ebr10842117 035 $a(CaONFJC)MIL578324 035 $a(OCoLC)923498410 035 $a(EXLCZ)992670000000544947 100 $a20041006h20052005 uy| 0 101 0 $aeng 135 $aur|n|---||||| 181 $ctxt 182 $cc 183 $acr 200 10$aClaire Denis /$fJudith Mayne 210 1$aUrbana :$cUniversity of Illinois Press,$d[2005] 210 4$dİ2005 215 $a1 online resource (189 p.) 225 0$aContemporary film directors 300 $aDescription based upon print version of record. 311 $a1-306-47073-0 311 $a0-252-02991-7 320 $aFilmography: pages [149]-153. 320 $aIncludes bibliographical references and index. 327 $aBorder patrols : chocolat and no fear, no die -- Strange alchemies : U.S. go -- Home and Ne?nette and Boni -- Rhythms of the night : I can't sleep and Beau Travail -- Troubles in paradise : trouble every day and Friday night. 410 0$aContemporary Film Directors 676 $a791.4302/33/092 700 $aMayne$b Judith$0780764 801 0$bMiAaPQ 801 1$bMiAaPQ 801 2$bMiAaPQ 906 $aBOOK 912 $a9910816353303321 996 $aClaire Denis$93994497 997 $aUNINA